Die 104 häufigsten ♂ ♀ Vornamen in Sachsen - Statistiken

Allgemein
  • Dieses Quiz wurde 95 mal gespielt
  • Das Durchschnittsergebnis liegt bei 43 aus 106
Antwortstatistiken
♂ /♀ Vorname % Korrekt
Jungen - - > | Mädchen - - > ⤵️
100%
E4 Emil
84%
L3 Leo
75%
M3 Max
75%
E4 Elli
74%
M3 Mia
74%
L4 Leon
72%
P4 Paul
72%
B3 Ben
71%
L3 Lia
71%
A4 Anna
69%
E4 Emma
68%
H6 Hannah
68%
L4 Lena
68%
K4 Karl
66%
L3 Lea
63%
J6 Johann
62%
T3 Tim
62%
L4 Lina
60%
I3 Ida
59%
E6 Emilia
57%
L5 Lukas
57%
E4 Ella
56%
L4 Luca
54%
N4 Noah
54%
T4 Theo
54%
S6 Sophie
53%
M5 Marie
51%
M10 Maximilian
51%
O5 Oskar
51%
E5 Elias
50%
F4 Finn
50%
J5 Jonas
49%
A5 Anton
47%
L5 Louis
47%
A9 Alexander
46%
L4 Lara
46%
F5 Felix
44%
J7 Johanna
44%
C9 Charlotte
43%
L5 Luisa
43%
M6 Matteo
43%
M4 Mila
43%
E5 Emily
41%
P5 Paula
41%
C5 Clara
40%
L4 Leni
40%
L5 Luise
38%
M4 Mara
38%
M6 Moritz
38%
N6 Niklas
38%
L6 Leonie
37%
L4 Liam
37%
L5 Lilly
37%
L3 Lio
37%
E3 Eva
35%
F6 Frieda
34%
H5 Henry
34%
T7 Theodor
34%
A6 Amelie
32%
L4 Levi
32%
J8 Jonathan
31%
K10 Konstantin
31%
L4 Luna
31%
M4 Maja
31%
M8 Mathilda
31%
A5 Aaron
29%
N4 Nora
29%
T4 Thea
29%
E6 Emilio
28%
F5 Fritz
28%
H6 Helena
28%
M6 Melina
28%
E5 Elena
26%
H6 Helene
26%
L5 Lotta
26%
L5 Lotte
26%
M4 Mira
26%
N4 Nele
26%
J4 Juna
24%
L5 Linus
24%
A6 Adrian
22%
C5 Carlo
22%
E4 Erna
22%
M5 Milan
22%
T4 Till
22%
B5 Bruno
21%
M4 Mats
21%
T5 Tilda
21%
G5 Gerda
19%
H6 Hailey
19%
J6 Jannis
19%
M5 Merle
19%
M4 Milo
19%
A4 Adam
18%
F9 Friedrich
18%
R7 Rosalie
16%
A4 Alma
15%
G6 Gustav
15%
K4 Kurt
13%
A6 Arthur
12%
E5 Erwin
10%
A6 Alfred
6%
E4 Eddy
4%
Keine übereinstimmenden Quizze gefunden
Verteilung der Resultate
Anzahl Personen mit jedem Resultat
Perzentil nach korrekt beantworteten Fragen
Ihre Resultats-Entwicklung
Sie haben dieses Quiz noch nicht gespielt